00535nam a2200193 a 4500001001300000003000900013005001700022008004100039020002300080082001600103100002100119245005600140260004500196300000900241500003500250505001000285650002500295700002100320nice12345678IN_TiNIC20260116013332.0050524s1995 dela grp 000 0 eng  a8185618 c69500a294.54bHAR aHardy, Friedhelm aReligious Culture of Indiab Power, Love and Wisdom aDelhibCambridge University Press c1995 a613p aincludes index and biblioraphy2 aIndex aHinduism and Culture1 aHardy, Friedhelm